Valtiot, joilla on lyhyimmät rajat - Statistics

Yleistilastot
  • Tätä visaa on pelattu 1 214 kertaa
  • Keskiarvotulos 13 / 20
Vastaustilastot
Kilometrit Valtio Mailit % Oikein
3 Vatikaanivaltio 2
97%
39 San Marino 24
93%
4 Monaco 3
92%
120 Andorra 75
88%
76 Liechtenstein 47
88%
359 Luxemburg 223
84%
360 Haiti 224
67%
60 Qatar 37
66%
68 Tanska 42
65%
381 Brunei 237
62%
499 Irlanti 310
62%
228 Itä-Timor 142
61%
360 Dominikaaninen tasavalta 224
58%
238 Etelä-Korea 148
58%
462 Kuwait 287
56%
516 Belize 321
54%
535 Swazimaa 332
52%
499 Yhdistynyt kuningaskunta 310
49%
528 Djibouti 328
43%
454 Libanon 282
36%
Ehtoja vastaavia visoja ei löytynyt
Tulosjakauma
Jokaisen tuloksen saaneiden osuus
Persentiili vastausten määrän mukaan
Tuloshistoriasi
Et ole pelannut tätä visaa